Madman , Sand And Foam (Record no. 55312)
[ view plain ]
| 000 -LEADER | |
|---|---|
| fixed length control field | 00524nam a2200193Ia 4500 |
| 001 - CONTROL NUMBER | |
| control field | 55379 |
| 008 - FIXED-LENGTH DATA ELEMENTS--GENERAL INFORMATION | |
| fixed length control field | 120924n ii |||gr||||Z||||||465 |
| 020 ## - INTERNATIONAL STANDARD BOOK NUMBER | |
| International Standard Book Number | 8183060447 |
| 082 ## - DEWEY DECIMAL CLASSIFICATION NUMBER | |
| Classification number | 891.441 |
| 245 #0 - TITLE STATEMENT | |
| Title | Madman , Sand And Foam |
| Statement of responsibility, etc. | Kahlil Gibran |
| Medium | Textual Documents |
| 250 ## - EDITION STATEMENT | |
| Edition statement | 2nd ed. |
| 260 ## - PUBLICATION, DISTRIBUTION, ETC. | |
| Place of publication, distribution, etc. | Tripura: |
| Name of publisher, distributor, etc. | Bhasa Prakashan, |
| Date of publication, distribution, etc. | 2009. |
| 300 ## - PHYSICAL DESCRIPTION | |
| Extent | 96pg: |
| Dimensions | 23cm. |
| 653 ## - INDEX TERM--UNCONTROLLED | |
| Uncontrolled term | Bengali |
| 653 ## - INDEX TERM--UNCONTROLLED | |
| Uncontrolled term | Deptt- Bengali |
| 700 ## - ADDED ENTRY--PERSONAL NAME | |
| Personal name | Gangopadhyay,Kakali , |
| Relator term | Translated. |
| 700 ## - ADDED ENTRY--PERSONAL NAME | |
| Personal name | Gibran, Kahlil ., |
| Relator term | Author. |
| 942 ## - ADDED ENTRY ELEMENTS (KOHA) | |
| Source of classification or shelving scheme | Dewey Decimal Classification |
| Koha item type | Books |
| Withdrawn status | Lost status | Damaged status | Not for loan | Collection | Home library | Current library | Shelving location | Date acquired | Source of acquisition | Coded location qualifier | Cost, normal purchase price | Total checkouts | Full call number | Barcode | Date last seen | Copy number | Price effective from | Koha item type | Public note |
|---|---|---|---|---|---|---|---|---|---|---|---|---|---|---|---|---|---|---|---|
| Dr. Suryya Kumar Bhuyan Library | Dr. Suryya Kumar Bhuyan Library | 24/09/2012 | BE | 00000 | 75.00 | 891.441 Ga 155 Pa | 3159/Beng | 14/01/2024 | 1 | 24/09/2012 | Books | BE |
